<?xml version="1.0" encoding="UTF-8"?>
<record
    xmlns:xsi="http://www.w3.org/2001/XMLSchema-instance"
    xsi:schemaLocation="http://www.loc.gov/MARC21/slim http://www.loc.gov/standards/marcxml/schema/MARC21slim.xsd"
    xmlns="http://www.loc.gov/MARC21/slim">

  <leader>00570nam a2200181Ia 4500</leader>
  <controlfield tag="005">20260429112232.0</controlfield>
  <controlfield tag="008">260429s9999||||xx |||||||||||||| ||und||</controlfield>
  <datafield tag="020" ind1=" " ind2=" ">
    <subfield code="a">9788126707379</subfield>
  </datafield>
  <datafield tag="041" ind1=" " ind2=" ">
    <subfield code="a">Hindi</subfield>
  </datafield>
  <datafield tag="082" ind1=" " ind2=" ">
    <subfield code="a">891.433</subfield>
    <subfield code="b">TOL</subfield>
  </datafield>
  <datafield tag="100" ind1=" " ind2=" ">
    <subfield code="a">&#x924;&#x94B;&#x932;&#x938;&#x94D;&#x91F;&#x949;&#x92F;, &#x932;&#x947;&#x935; </subfield>
  </datafield>
  <datafield tag="245" ind1=" " ind2="0">
    <subfield code="a">&#x906;&#x928;&#x94D;&#x928;&#x93E; &#x915;&#x93E;&#x930;&#x947;&#x928;&#x93F;&#x928;&#x93E; : </subfield>
    <subfield code="b">&#x92D;&#x93E;&#x917;-1 / </subfield>
    <subfield code="c">&#x932;&#x947;&#x935; &#x924;&#x94B;&#x932;&#x938;&#x94D;&#x91F;&#x949;&#x92F;</subfield>
  </datafield>
  <datafield tag="250" ind1=" " ind2=" ">
    <subfield code="a">3rd ed.</subfield>
  </datafield>
  <datafield tag="260" ind1=" " ind2=" ">
    <subfield code="a">&#x928;&#x908; &#x926;&#x93F;&#x932;&#x94D;&#x932;&#x940; : </subfield>
    <subfield code="b">&#x930;&#x93E;&#x91C;&#x915;&#x92E;&#x932; &#x92A;&#x94D;&#x930;&#x915;&#x93E;&#x936;&#x928;,</subfield>
    <subfield code="c">2024.</subfield>
  </datafield>
  <datafield tag="300" ind1=" " ind2=" ">
    <subfield code="a">415 p.; Hb</subfield>
  </datafield>
  <datafield tag="650" ind1=" " ind2=" ">
    <subfield code="a">Novel</subfield>
  </datafield>
  <datafield tag="942" ind1=" " ind2=" ">
    <subfield code="c">TB</subfield>
  </datafield>
  <datafield tag="999" ind1=" " ind2=" ">
    <subfield code="c">53046</subfield>
    <subfield code="d">53046</subfield>
  </datafield>
  <datafield tag="952" ind1=" " ind2=" ">
    <subfield code="0">0</subfield>
    <subfield code="1">0</subfield>
    <subfield code="4">0</subfield>
    <subfield code="7">0</subfield>
    <subfield code="8">NFIC</subfield>
    <subfield code="a">CUTN</subfield>
    <subfield code="b">CUTN</subfield>
    <subfield code="c">800</subfield>
    <subfield code="d">2026-04-29</subfield>
    <subfield code="e">Segment Book Distributors, New Delhi - Invoice No. 71458 on 09-02-2026</subfield>
    <subfield code="l">0</subfield>
    <subfield code="o">891.433 TOL</subfield>
    <subfield code="p">58207</subfield>
    <subfield code="r">2026-04-29 11:22:32</subfield>
    <subfield code="w">2026-04-29</subfield>
    <subfield code="y">TB</subfield>
  </datafield>
</record>
